|
|
|
|
| LEADER |
03811nam a2200421 a 4500 |
| 001 |
14926568 |
| 003 |
BD-DhAAL |
| 008 |
091230r20102008mauab b 001 0 eng d |
| 010 |
|
|
|a 2007028858
|
| 020 |
|
|
|a 9780070146723
|
| 020 |
|
|
|a 0070146721
|
| 020 |
|
|
|a 9780073381244 (alk. paper)
|
| 020 |
|
|
|a 0073381241 (alk. paper)
|
| 040 |
|
|
|a DLC
|c DLC
|d BAKER
|d BTCTA
|d C#P
|d BWX
|d DLC
|d BD-DhAAL
|
| 082 |
0 |
0 |
|a 658.4/012
|2 22
|
| 245 |
1 |
0 |
|a Crafting and executing strategy :
|b the quest for competitive advantage : concepts and cases /
|c Arthur A. Thompson, Jr... [et al.].
|
| 250 |
|
|
|a Sixteenth edition(special Indian edition)
|
| 260 |
|
|
|a Boston ;
|a New Delhi :
|b Tata McGraw-Hill Pvt. Ltd.,
|c 2010.
|
| 300 |
|
|
|a 1 v. (various pagings) :
|b ill., map ;
|c 24 cm.
|
| 504 |
|
|
|a Includes bibliographical references and indexes.
|
| 526 |
|
|
|x Shawkat Kamal,
BRAC Business School
Course name and no.: "not available"(MGT 401)
|
| 541 |
1 |
|
|a Trust line International
|e 00019651
|
| 650 |
|
0 |
|a Strategic planning.
|
| 650 |
|
0 |
|a Strategic planning
|v Case studies.
|9 41284
|
| 700 |
1 |
|
|a Thompson, Arthur A.,
|d 1940-
|
| 700 |
1 |
|
|a Gamble, John
|q (John E.)
|9 58755
|
| 852 |
4 |
|
|a Ayesha Abed Library
|j General Shelf.
|
| 942 |
0 |
0 |
|0 5
|2 ddc
|c BK
|
| 999 |
|
|
|c 6531
|d 6531
|
| 952 |
|
|
|0 0
|1 0
|2 ddc
|4 0
|6 658_401200000000000_CRA_2010
|7 0
|9 6631
|a BRACUL
|b BRACUL
|c GEN
|d 2009-12-30
|e Trust Line International
|g 895.00
|l 11
|m 71
|o 658.4012 CRA
|p 3010019651
|r 2022-09-08
|s 2022-06-20
|t 1
|v 1790.00
|w 2009-12-30
|y BK
|x Requisitioned by Shawkat Kamal, BRAC Business School Course name and no. "not available"
|
| 952 |
|
|
|0 0
|1 0
|2 ddc
|4 0
|6 658_401200000000000_CRA_2010
|7 0
|9 6632
|a BRACUL
|b BRACUL
|c GEN
|d 2009-12-30
|e Trust Line International
|g 895.00
|l 11
|m 107
|o 658.4012 CRA
|p 3010019652
|r 2025-05-25
|s 2025-02-08
|t 2
|v 1790.00
|w 2009-12-30
|y BK
|x Requisitioned by Shawkat Kamal, BRAC Business School Course name and no. "not available"
|
| 952 |
|
|
|0 0
|1 0
|2 ddc
|4 0
|6 658_401200000000000_CRA_2010
|7 0
|9 6633
|a BRACUL
|b BRACUL
|c GEN
|d 2009-12-30
|e Trust Line International
|g 895.00
|l 12
|m 30
|o 658.4012 CRA
|p 3010019653
|r 2022-09-11
|s 2022-08-22
|t 3
|v 1790.00
|w 2009-12-30
|y BK
|x Requisitioned by Shawkat Kamal, BRAC Business School Course name and no. "not available"
|
| 952 |
|
|
|0 0
|1 0
|2 ddc
|4 0
|6 658_401200000000000_CRA_2010
|7 0
|9 6634
|a BRACUL
|b BRACUL
|c GEN
|d 2009-12-30
|e Trust Line International
|g 895.00
|l 10
|m 41
|o 658.4012 CRA
|p 3010019654
|r 2019-12-15
|s 2019-11-07
|t 4
|v 1790.00
|w 2009-12-30
|y BK
|x Requisitioned by Shawkat Kamal, BRAC Business School Course name and no. "not available"
|
| 952 |
|
|
|0 0
|1 4
|2 ddc
|4 0
|6 658_401200000000000_CRA
|7 0
|9 6635
|a BRACUL
|b BRACUL
|c GEN
|d 2009-12-30
|e Trust Line International
|g 895.00
|l 0
|o 658.4012 CRA
|p 3010019655
|r 2009-12-30
|t 5
|v 1790.00
|w 2009-12-30
|y BK
|x Koha Inventory 2020.Requisitioned by Shawkat Kamal, BRAC Business School Course name and no. "not available"’
|
| 952 |
|
|
|0 0
|1 0
|2 ddc
|4 0
|6 658_401200000000000_CRA_2010
|7 0
|9 14023
|a BRACUL
|b BRACUL
|c GEN
|d 2011-01-20
|e Trust Line International
|g 930.60
|l 17
|m 81
|o 658.4012 CRA
|p 3010021866
|r 2025-09-20
|s 2025-09-14
|t 6
|w 2011-01-20
|y BK
|
| 952 |
|
|
|0 0
|1 0
|2 ddc
|4 0
|6 658_401200000000000_CRA_2010
|7 0
|9 14024
|a BRACUL
|b BRACUL
|c GEN
|d 2011-01-20
|e Trust Line International
|g 930.60
|l 18
|m 116
|o 658.4012 CRA
|p 3010021864
|r 2025-05-25
|s 2025-02-08
|t 7
|w 2011-01-20
|y BK
|
| 952 |
|
|
|0 0
|1 3
|2 ddc
|4 0
|6 658_401200000000000_CRA
|7 0
|9 14025
|a BRACUL
|b BRACUL
|c GEN
|d 2011-01-20
|e Trust Line International
|g 930.60
|l 17
|m 133
|o 658.4012 CRA
|p 3010021863
|r 2021-08-24
|s 2019-05-19
|t 8
|w 2011-01-20
|y BK
|x Lost and paid by FABIYA TABASSUM (16204080) Transaction ID: 8HN2Q8VSEK Reference Number: 16204080_library Bkash sender number: 01786012846n ID: 8FM2CGZUJA Reference Number:
|
| 952 |
|
|
|0 0
|1 0
|2 ddc
|4 0
|6 658_401200000000000_CRA_2010
|7 0
|9 14026
|a BRACUL
|b BRACUL
|c GEN
|d 2011-01-20
|e Trust Line International
|g 930.60
|l 18
|m 108
|o 658.4012 CRA
|p 3010021865
|r 2025-10-13
|s 2025-06-17
|t 9
|w 2011-01-20
|y BK
|